01180 2200217 4500001002100000005001500021035002000036001002100056005001500077035002000092245013400112100003100246250001700277300003100294260004000325082001200365084001800377020002200395650001900417520052600436INLIS00000000000027720240530065143 a0010-0524000199INLIS00000000000021320240528075442 a0010-05240001351 aKisah teladan utusan allah :bNabi daud a.s yang pantang menyerah dan nabi dzulkifli a.s yang sabar /cNurcahyawati Windri Astuti0 aNurcahyawati Windri Astuti aCetakan ke-1 av, 76 hlm :bIlus ;c21 cm aJakarta :bUranus publishing,c2011 a297.246 a297.246 NUR k a978-602-8637-14-5 4aNabi dan rasul aMengambil hikmah dari kisah nabi daud a.s dan nabi dzulkifli a.s, itulah yang dilakukan Rara dan Romi. Bersama kakek Ahmad yang bijaksana, Rara dan Romi belajar keteladanan dari mereka. Kisah jenaka Rara dan Romi menjadi penghantar sebelum kalian membaca kisah nabi daud a.s dan nabi dzulkifli a.s. Dari nabi daud a.s kalian dapat meneladani sikapnya yang tidak pantang menyerah sekalipun menghadapi musuh yang tubuhnya jauh lebih besar dan kuat. Sementara dari nabi dzulkifli a.s dapat meneladani sikapnya yang sabar.